Surveying : (Record no. 36653)
[ view plain ]
| 000 -LEADER | |
|---|---|
| fixed length control field | 00580nam a22002057a 4500 |
| 005 - DATE AND TIME OF LATEST TRANSACTION | |
| control field | 20241009134600.0 |
| 008 - FIXED-LENGTH DATA ELEMENTS--GENERAL INFORMATION | |
| fixed length control field | 241007b |||||||| |||| 00| 0 eng d |
| 020 ## - INTERNATIONAL STANDARD BOOK NUMBER | |
| ISBN | 978-81-317-0066-2 |
| 082 ## - DEWEY DECIMAL CLASSIFICATION NUMBER | |
| Classification number | 526.921 |
| Item number | BAN-S |
| 100 ## - MAIN ENTRY--AUTHOR | |
| Author Name | Bannister, Arthur |
| 245 ## - TITLE STATEMENT | |
| Title | Surveying : |
| Statement of responsibility, etc. | Arthur, Bannister, Stanley Raymond and Raymond Baker |
| 250 ## - EDITION STATEMENT | |
| Edition statement | 7th ed. |
| 260 ## - PUBLICATION, DISTRIBUTION, ETC. | |
| Place of Publication | India : |
| Name of publisher, distributor, etc. | Pearsons ; |
| Date of publication, distribution, etc. | 2006. |
| 300 ## - PHYSICAL DESCRIPTION | |
| Pages | 512 p. : |
| 500 ## - GENERAL NOTE | |
| General note | Include Index. |
| 650 ## - SUBJECT ADDED ENTRY--TOPICAL TERM | |
| Subject / Department | Civil / Engineering |
| 700 ## - ADDED ENTRY--PERSONAL NAME | |
| Personal name | Raymond, Stanley |
| 700 ## - ADDED ENTRY--PERSONAL NAME | |
| Personal name | Raymond, Baker |
| 300 ## - PHYSICAL DESCRIPTION | |
| -- | ill. ; |
| -- | 25 cm. |
| 952 ## - LOCATION AND ITEM INFORMATION (KOHA) | |
| -- | 0 |
| -- | 0 |
| 952 ## - LOCATION AND ITEM INFORMATION (KOHA) | |
| -- | 0 |
| -- | 0 |
| Lost status | Damaged status | Collection code | Permanent Location | Current Location | Shelving Location | Date acquired | Full Call Number | Accession No./Barcode | Date last seen | Copy number | item type | Koha item type |
|---|---|---|---|---|---|---|---|---|---|---|---|---|
| Engineering | Superior Information Resource Center (SIRC) Superior University- Main Campus | Superior Information Resource Center (SIRC) Superior University- Main Campus | Civil | 10/07/2024 | 526.921 BAN-S 2006 | 29479 | 10/07/2024 | 1 | BOOK | BOOK | ||
| Engineering | Superior Information Resource Center (SIRC) Superior University- Main Campus | Superior Information Resource Center (SIRC) Superior University- Main Campus | Civil | 10/07/2024 | 526.921 BAN-S 2006 | 29480 | 10/07/2024 | 2 | BOOK | BOOK |
